000 00454nam a22001697a 4500
005 20250228164532.0
008 250228b |||||||| |||| 00| 0 eng d
020 _a9783639147414
050 _aHD38
_b.5.G7.R18 RAO
100 _aRao, Nageswara A. V.
245 _aSupply chain strategies for agribusiness
260 _aUSA
_bVDM Verlage D. Muller
_cc2011
300 _a223P
700 _aSahu, D.
700 _a KrishnaMohan A. V.
942 _2lcc
_cBK
_n0
999 _c4438
_d4438